| 000 | 00753nam a22003017b 4500 | ||
|---|---|---|---|
| 001 | 002163232 | ||
| 003 | DO-SdBNP | ||
| 005 | 20180223132835.0 | ||
| 007 | 002163232 | ||
| 008 | 070227s2006 sp a ||| ||spa | ||
| 015 | _a | ||
| 016 | 7 |
_a _2BPMSU |
|
| 017 |
_a _b |
||
| 020 | _a9788498204223 | ||
| 035 | _a | ||
| 040 |
_aBPMSU _bspa _cBPMSU _e |
||
| 080 | 0 | _a | |
| 082 | 4 |
_axxxx _bxxxx |
|
| 245 | 0 | 3 |
_aEl canguro / _h |
| 260 |
_aMadrid : _bEl PaĆs, _c2006. |
||
| 300 |
_a47 p. : _bil. ; _c19 cm |
||
| 490 | 0 |
_aMis animales favoritos _v6 |
|
| 650 | 7 |
_aCanguros _vLibros infantiles _2embne |
|
| 830 | 0 |
_aMis animales favoritos _v6 |
|
| 942 |
_2ddc _cBK |
||
| 945 | _aInventariado, 2018/ YL | ||
| 956 |
_aVMATEO _210 _320160469 _6BPMSU _80069 |
||
| 999 |
_c9757 _d9757 |
||